Terminología: uma ciencia interdisciplinar

Saved in:
Bibliografiske detaljer
Main Authors: Murakawa, Clotilde de Almeida Azevedo (autor), Nadin, Odair Luiz (Author)
Format: Bog
Sprog:portugisisk
Udgivet: Sao Paulo Cultura Academica 2013
Udgivelse:1a. ed
Serier:Trilhas Linguisticas, 22
Fag:
Tags: Tilføj Tag
Ingen Tags, Vær først til at tagge denne postø!

MARC

LEADER 00000cam a2200000 a 4500
001 UCD5955
003 CL-VaPUC
008 161111e20130000bl |||||||||||||||||por|d
020 |a 9788579834042 
082 0 4 |a 401  |b MUR  |2 21 
100 |a Murakawa, Clotilde de Almeida Azevedo  |e autor  |9 589724 
700 0 |a Nadin, Odair Luiz  |e author  |9 589725 
245 1 0 |a Terminología: uma ciencia interdisciplinar 
250 |a 1a. ed 
300 |a 282 p 
942 |c BK 
945 |d 20161111 10:35:00  |a dcastane 
260 |a Sao Paulo  |b Cultura Academica  |c 2013 
650 0 |a Lexicografía  |9 321487 
650 0 |a Lingüística  |9 265068 
583 |a last modification  |c 20161111 10:35:00  |k Rodrigo Vera 
490 0 |a Trilhas Linguisticas, 22 
999 |c 366455  |d 366453 
952 |0 0  |1 0  |3 erb  |4 0  |6 401_000000000000000_MUR_2013  |7 0  |8 A  |9 480706  |a FDOPOS  |b FDOPOS  |i 5346738  |o 401 MUR 2013  |p 5346738  |r 2025-01-22  |w 2019-11-24  |y BK  |z Catalogado en:20161111  |k DLA